Readings in Strategic Human Resource Management (Record no. 347199)
[ view plain ]
| 000 -LEADER | |
|---|---|
| fixed length control field | 00297 a2200121 4500 |
| 020 ## - INTERNATIONAL STANDARD BOOK NUMBER | |
| International Standard Book Number | 0170090396 |
| 090 ## - LOCALLY ASSIGNED LC-TYPE CALL NUMBER (OCLC); LOCAL CALL NUMBER (RLIN) | |
| -- | 4768 |
| -- | 4768 |
| 100 ## - MAIN ENTRY--PERSONAL NAME | |
| Personal name | Alan R Nankervis |
| 245 ## - TITLE STATEMENT | |
| Title | Readings in Strategic Human Resource Management |
| 260 ## - PUBLICATION, DISTRIBUTION, ETC. | |
| Place of publication, distribution, etc. | New South Wales |
| 300 ## - PHYSICAL DESCRIPTION | |
| Extent | 412 |
| 942 ## - ADDED ENTRY ELEMENTS (KOHA) | |
| Institution code [OBSOLETE] | NBS |
| Koha item type | Book |
| Call number prefix | 658.301 NAN |
| Withdrawn status | Lost status | Source of classification or shelving scheme | Damaged status | Not for loan | Permanent Location | Current Location | Date acquired | Full call number | Barcode | Date last seen | Price effective from | Koha item type | Public note |
|---|---|---|---|---|---|---|---|---|---|---|---|---|---|
| Write Off | Central Library (CL) | Central Library (CL) | 08/28/2013 | 658.301 NAN | NBS7380 | 08/28/2013 | 08/28/2013 | Book | Write off File No.0908/IRC/NBS Dated Aug 16, 2018 |
